best football teams in recent times - Statistics

General Stats
  • This quiz has been taken 63 times
  • The average score is 18 of 26
Answer Stats
season Answer % Correct
2014 real madrid
100%
2012 Real Madrid
100%
2017 real madrid
100%
2005 ac milan
96%
2007 ac milan
96%
2013 bayern
95%
2020 bayern
95%
2005 chelsea
95%
2010 inter milan
95%
2019 liverpool
93%
2003 arsenal
89%
2017 juventus
89%
2009 Barcelona
88%
2004 porto
79%
2008 man u
73%
1997 dortmund
71%
2013 dortmund
71%
2017 man city
66%
1974 ajax
64%
2007 lyon
41%
2011 barca
29%
2002 leverkusen
25%
2017 spurs
20%
2014 germany
16%
2010 spain
16%
2016 athletico madrid
14%
No matching quizzes found
Score Distribution
Percent of People with Each Score
Percentile by Number Answered
Your Score History
You have not taken this quiz